000 00633nam a2200241 a 4500
001 nice12345678
003 IN_TiNIC
005 20260116013921.0
008 050524s1996 dela grp 000 0 eng
020 _a
_c100
082 0 0 _a305.629705482
_bABD
100 _aAbdur Rahman, T
245 _aPoverty Alleviation Among Muslims in Tamilnadu
260 _aDelhi
_bInstitute of Objective Studies
_c1996
300 _a104p
500 _aincludes index and biblioraphy
505 2 _aIndex
650 _aMuslims-India-Tamil Nadu
650 _aDevelopment-Socio-Economic
902 _bSRS
942 _cBK
999 _c13099
_d13099